| 000 | 00382nam a22001697a 4500 | ||
|---|---|---|---|
| 005 | 20260323141721.0 | ||
| 020 | _a9788197595912 | ||
| 041 | _aEnglish | ||
| 082 | _aT10 R25 GNA | ||
| 100 | _aGnanagurusamy Dhinakara | ||
| 245 | _aSanatanam Arivom (Sanatana Leaks) Part I | ||
| 250 | _a02 | ||
| 260 |
_aChennai _bNCBH _c2025 |
||
| 300 | _a432 | ||
| 365 | _b500.00 | ||
| 942 | _cBK | ||
| 999 |
_c177052 _d177052 |
||